Aztec Emperors - Statistics

General Stats
  • This quiz has been taken 72 times
  • The average score is 5 of 11
Answer Stats
Reign Name % Correct
1440-1469 Moctezuma I
100%
1502-1520 Moctezuma II
100%
1520-1521 Cuauhtémoc
66%
1486-1502 Ahuitzotl
38%
1469-1481 Axayacatl
34%
1427-1440 Itzcoatl
34%
1417-1427 Chimalpopoca
28%
1520 Cuitláhuac
28%
1481-1486 Tizoc
28%
c. 1376-1395 Acamapichtli
25%
c. 1396-1417 Huitzilihuitl
25%
No matching quizzes found
Score Distribution
Percent of People with Each Score
Percentile by Number Answered
Your Score History
You have not taken this quiz